000 00733cam a2200241 a 4500
001 707693
005 20180122080836.0
008 970321s1997 maua bd 000 0 eng
010 _a 97010608
020 _a0395853923 (pbk.)
020 _a0395886074 (pbk.)
040 _aDLC
_cDLC
_dDLC
041 _aeng
080 _a332.603 LOG
082 0 0 _a332.603 LOG
_221
100 1 _a52
101 _aECO
245 1 0 _aWall Street words :
_cDavid L. Scott.
504 _aIncludes bibliographical references.
906 _a7
_bcbc
_corignew
_d1
_eocip
_f19
_gy-gencatlg
942 _2ddc
_cBK
999 _c40675
_d40675